| 000 | 00761nam a22002057a 4500 | ||
|---|---|---|---|
| 999 |
_c11180 _d11180 |
||
| 003 | AR-CdUCM | ||
| 008 | 190403b ||||| |||| 00| 0 spa d | ||
| 040 |
_aMUNICIPALIDAD PROVINCIAL DEL CUSCO _cBIBLIOTECA MUNICIPAL DEL CUSCO |
||
| 082 |
_a869.56 / _bA58 / 1962 |
||
| 100 |
_aAngeles Caballero, Cesar A. _99487 |
||
| 245 | _aEl paisaje en Mariategui, Vallejo y Cieza de Leon / | ||
| 260 |
_aIca : _bLa chalaca, _c1962. |
||
| 300 |
_a52 páginas ; _c2 cm. |
||
| 505 | _aPaisaje cultural -- Concepto de paisaje -- Paisaje natural -- El paisaje como tema critico --El paisaje factor estético literario ... | ||
| 650 |
_aPaisaje. _91600 |
||
| 650 |
_aConcepto de paisaje. _928404 |
||
| 650 |
_aPaisaje cultural. _928405 |
||
| 942 |
_2ddc _cLIBROS |
||
| 945 | _awfj | ||